Γυμνές αλήθειες : στις μέρες της οργής και της έξαρσης

Saved in:
Bibliographic Details
Main Author: Καρυάς, Αλέκος
Format: Book
Language:Greek
Published: Αθήνα : Αλέκος Καρυάς, 1992
Subjects:
Tags: Add Tag
No Tags, Be the first to tag this record!

MARC

LEADER 00000cam a2200000 i 4500
001 1/87533
008 051017s1992 gre d
020 |a 960-7357-00-0 
035 |l 10080845 
040 |a GR-MY-UA  |b gre  |e aacr 
041 0 |a gre 
082 0 |a 938.7  |2 (22) 
100 1 |a Καρυάς, Αλέκος. 
245 1 0 |a Γυμνές αλήθειες :  |b στις μέρες της οργής και της έξαρσης /  |c Αλέκου Καρυά 
260 |a Αθήνα :   |b Αλέκος Καρυάς,   |c 1992 
300 |a 283 σ.;  |b εικ.;  |c 22 εκ. 
651 0 |a Greece  |x History  |y Civil War, 1944-1949. 
852 |a INST  |b RHODES  |c KRI  |e 20051017  |h  938.7 ΚΑΡ  |p 005400022543  |q 005400022543  |t BK  |y 0 
901 |a BIBL4-2005-3 
909 |a Ρ  |b 122161 
922 |a 4ΕΛΗ 
970 |a ΣΙΔΕΡΗ  |b ΝΕΚΤΑΡΙΑ  |z 2005/10/17